000 00494nam a2200169Ia 4500
008 090711s9999 xx 000 0 und d
082 _b76015
100 _aबेलसरे केशव वि.
245 _aआनंदसाधना
260 _c1972
300 _a160
600 _aबेलसरे केशव वि.
630 _aआनंदसाधना
700 _aबेलसरे केशव वि.
730 _aआनंदसाधना
942 _cBOOK
999 _c283867
_d283867